00591nam a2200193Ia 4500008004100000020001800041041000800059082001600067100001000083245003600093250001200129260002800141300000900169440001000178500002200188700001000210999001700220952016000237230125s9999 xx 000 0 und d a81-7881-035-2 aeng a650.01bICF aICFAI aChinese Odyssey : Mao to market a1st Ed. c2001bICFAI publication a209p aICFAI aICFAI Series Book aICFAI c85213d85213 00104070aHIMRbHIMRd2002-04-17eVarma Book Distributorg300.00l0o650.01 ICF B03080pHIMR-BK-3080r2023-01-25 00:00:00v300.00w2002-04-17yBKzB03080